• 首页
  • 本馆介绍
  • 公告通知
  • 最新文献
  • 馆藏检索
  • 电子资源
  • 读者导购
  • 参考咨询
  • 我的图书馆
  • 登录
  • 详细信息显示
  • 放入我的书架
  • 预约/预借图书
  • 作者相关作品
  • 分类相关作品
  • 丛书相关作品
  • 出版社相关作品

书目信息

  • 表格格式
  • 工作单格式
  • 卡片格式
题名:
品牌秘笈
    
 
作者: 李光斗 著
分册:  
出版信息: 北京   作家出版社  2002
页数: 12,296页
开本: 21cm
丛书名:
单 册:
中图分类: F713.81
科图分类:
主题词: 广告--策划 , 广告 , 策划
电子资源:
ISBN: 7-5063-2313-3
000 00892nam0 2200277 450
001 012007122775
005 20070605142049.17
010    @a7-5063-2313-3@dCNY26.00
100    @a20070601d2002 km y0chiy0120 ea
101 0  @achi
102    @aCN@b110000
105    @ay z 000yy
106    @ar
200 1  @a品牌秘笈@Apin pai mi ji@e广告策划基本原理@f李光斗著@Fli guang dou zhu
210    @a北京@c作家出版社@d2002
215    @a12,296页@d21cm
330    @a本书通过中国广告发轫以来的成功案例和世界广告史上的经典作品,融会了国外市场营销和广告学的最新理论,详细介绍了成功的广告策划的全过程。
510 1  @aPrinciples of advertising@zeng
517 1  @a广告策划基本原理@Aguang gao ce hua ji ben yuan li
606 0  @a广告@x策划
606 0  @a广告
606 0  @a策划
690    @aF713.81@v4
701  0 @a李光斗@Ali guang dou@4著
801  0 @aCN@bRULIN@c20070605
905    @dF713.81@e309@s8
    
    品牌秘笈:广告策划基本原理/李光斗著.-北京:作家出版社,2002
    12,296页;21cm
    
    
    ISBN 7-5063-2313-3:CNY26.00
    本书通过中国广告发轫以来的成功案例和世界广告史上的经典作品,融会了国外市场营销和广告学的最新理论,详细介绍了成功的广告策划的全过程。
●
相关链接 在E读中查询图书 在五车中查询图书 在当当中查询图书 在豆瓣中查询图书


正题名:品牌秘笈     索取号:F713.81/309         预约/预借

序号 登录号 条形码 馆藏地/架位号 状态 备注
1 0581917   205819177   第一样本阅览室/ [索取号:F713.81/309] 在馆    
2 0581918   205819186   第一借阅区/ [索取号:F713.81/309] 在馆    
3 0581919   205819195   密集书库/ [索取号:F713.81/309] 在馆    
4 0581920   205819202   密集书库/ [索取号:F713.81/309] 在馆    
5 0581921   205819211   第一借阅区/ [索取号:F713.81/309] 在馆    
6 0581922   205819220   密集书库/ [索取号:F713.81/309] 在馆    
7 0581923   205819239   第一借阅区/ [索取号:F713.81/309] 在馆    
8 0581924   205819248   第一借阅区/ [索取号:F713.81/309] 在馆    
唐山师范学院图书馆 欢迎您!
大连网信软件有限公司© 版权所有